000
00324nam a22001457a 4500
003
SGT
020
_a
978-93-5270-533-7
082
_a
611
_b
G19R
100
_a
DEVI,V SUBHADRA
245
_a
TEXT BOOK OF GENERAL ANATOMY
260
_a
NEW DELHI
_b
JAYPEE PUB
_c
2019
300
_a
255
650
_a
AYURVEDA
942
_2
ddc
_c
BK
_0
6
999
_c
16809
_d
16809